| 000 | 00549nam a2200181 4500 | ||
|---|---|---|---|
| 001 | 136130 | ||
| 003 | ES-MaACL | ||
| 005 | 20250817062557.0 | ||
| 007 | t| | ||
| 008 | 070214s1978 sp r ||||1| spa d | ||
| 100 | 1 |
_aRuiz Ramón, Francisco. _9180662 |
|
| 245 | 1 | 0 |
_aEstudios sobre teatro español clásico y contemporáneo / _cFrancisco Ruiz Ramón. |
| 260 |
_aMadrid : _bFundación Juan March, _c1978. |
||
| 300 |
_a252 p. ; _c20 cm. |
||
| 710 | 2 |
_aFundación Juan March _94346 |
|
| 852 |
_aES-MaACL _jA-9834 _bR.98537 |
||
| 999 |
_c136130 _d136130 |
||